000 00786nam a2200229 a 4500
999 _c11644
_d11644
001 11644
003 BD-JhCC
005 20200713114746.0
008 200713b2020 bg |||| ||a| 000 0 ben d
020 _a9789845100656
035 _a(BD-JhCC)11644
040 _aBD-JhCC
_dBD-JhCC
041 _aben
082 _a954.92051
_bGAN 2020
245 _a১৯৭১:
_bগণনির্যাতন-গণহত্যা কাঠামো, বিবরণ ও পরিসর /
_cসম্পা: আফসান চৌধুরী ।
260 _aঢাকা:
_bকথাপ্রকাশ;
_c২০২০
300 _a215 p. :
_c22 cm
650 _aBangladesh
_xHistory
_z Revolution, 1971
700 _aচৌধুরী, আফসান
942 _2ddc
_cBK